| 000 | 00754nam a22002057a 4500 | ||
|---|---|---|---|
| 999 |
_c2346 _d2346 |
||
| 003 | AR-CdUCM | ||
| 008 | 190304b ||||| |||| 00| 0 spa d | ||
| 040 |
_aMUNICIPALIDAD PROVINCIAL DEL CUSCO _cBIBLIOTECA MUNICIPAL DEL CUSCO |
||
| 082 |
_a325.3 / _bS35 |
||
| 100 |
_aSédillot, René _98448 |
||
| 245 | _aHistoria de las colonizaciones / | ||
| 260 |
_aBarcelona : _bAymá _c1961. |
||
| 300 |
_a454 páginas ; _c20 cm. |
||
| 505 | _aMigraciones, invasiones e imperios -- Las factorías costeras -- Imperios organizados -- La colonización romana -- Los establecimientos bárbaros -- Los establecimientos cristianos... | ||
| 650 |
_aHistoria _9136 |
||
| 650 |
_aColonialismo _98132 |
||
| 650 |
_aPolítica _9291 |
||
| 942 |
_2ddc _cLIBROS |
||
| 945 | _admma | ||